000 00484cam a22001577a 4500
008 180718b1959 xxu||||| |||| 00| 0 eng d
082 _aDx73 W368
100 _aWays, Max
245 _aBeyond survival
_cby Max Ways
260 _aNew York
_bHarper & Brothers
_c1959
300 _axiii, 250p
650 _aUnited States --History --Philosophy
650 _aUnited States --Military policy
650 _aUnited States --Foreign relations --1945
650 _aWorld politics --1945-1989
999 _c424490
_d424490